Kaç Punto kaç ! : (Record no. 21637)

MARC details
000 -BAŞLIK
Sabit Uzunluktaki Kontrol Alanı 00767nam a22002177a 4500
003 - KONTROL NUMARASI KİMLİĞİ
Kontrol Alanı koha_MIRAKIL
005 - EN SON İŞLEM TARİHİ ve ZAMANI
Kontrol Alanı 20250410091732.0
008 - SABİT UZUNLUKTAKİ VERİ ÖGELERİ - GENEL BİLGİ
Sabit Alan 250410b tur||||| |||| 00| 0 tur d
020 ## - ISBN - ULUSLARARASI STANDART KİTAP NUMARASI
Isbn 9786052958070
040 ## - KATALOGLAMA KAYNAĞI
Özgün Kataloglama Kurumu TR-IsEVY
Kataloglama Dili tur
Çeviri Kurumu TR-IsEVY
041 ## - DİL KODU
Metin ya da ses kaydının dil kodu tur
082 ## - DEWEY ONU SINIFLAMA SİSTEMİ
Sınıflama Numarası FIC BİR/K
100 ## - KİŞİ ADI
Yazar Adı (Kişi adı) Birincioğlu, Göknur
245 #0 - ESER ADI BİLDİRİMİ
Başlık Kaç Punto kaç ! :
Alt Eseradı vb. bir müzik ve matematik serüveni /
Sorumluluk Bildirimi Göknur Birincioğlu ; resimleyen Hüseyin Sönmezay.
250 ## - BASIM BİLDİRİMİ
Basım Bildirimi 2. bs.
260 ## - YAYIN, DAĞITIM, VB.
Yayın Yeri İstanbul :
Yayınevi Türkiye İş Bankası Kültür Yayınları,
Yayın Tarihi 2020.
300 ## - FİZİKSEL TANIMLAMA
Sayfa, Cilt vb. 40 s. :
Diğer fiziki detaylar renkli resimli ;
Boyutları 29 cm.
650 ## - KONU BAŞLIĞI EK GİRİŞ - KONU TERİMİ
Konusal terim veya coğrafi ad Çocuk Edebiyatı.
Alt başlık biçimi Çocuk Hikayeleri.
-- Müzik Hikayesi.
-- Matematik Hikayesi.
700 1# - EK GİRİŞ - KİŞİ ADI
Yazar Adı (Kişi adı) Sönmezay, Hüseyin.
Ünvan resimleyen.
942 ## - EK GİRİŞ ÖGELERİ (KOHA)
Source of classification or shelving scheme Dewey Decimal Classification
Koha item type Kitap
Holdings
Kayıp Durumu Sınıflandırma Kaynağı Hasarlı Durumu Koleksiyon Kodu Kalıcı Konum Mevcut Konum Kayıt Tarih Edinim Kaynağı Toplam Ödünçverme Yer Numarası Demirbaş Numarası Çıkış Durumu Son Görülme Tarihi Son Kontrol Tarihi Fatura Tarihi Materyal Türü
  Dewey Decimal Classification   İlkokul İLKOKUL KÜTÜPHANESİ İLKOKUL KÜTÜPHANESİ 10/04/2025 Satınalma 5 FIC BİR/K 22908 23/04/2026 09/04/2026 09/04/2026 10/04/2025 Kitap